| 000 | 01092nam a2200229Ia 4500 | ||
|---|---|---|---|
| 999 |
_c52707 _d52707 |
||
| 001 | 19732 | ||
| 003 | GE_BSU | ||
| 005 | 20200412171003.0 | ||
| 008 | 181216s2012||||ge |||||||||||||| ||geo|| | ||
| 020 | _a9789941049170 | ||
| 040 | _cGE_BSU | ||
| 041 | _ageo | ||
| 080 | _a821.353.1-83 ს-27 | ||
| 245 |
_aსაუბრები ლიტერატურაზე : ლიტინტერვიუები ჟურნალისტებთან : _bკრებული / |
||
| 264 |
_aთბილისი : _bსაქართველოს პარლამენტის ბიბლიოთეკა, _c2012. |
||
| 300 |
_a153 გვ. ; _c20 სმ. |
||
| 490 | _aლიტერატურული ფორუმი "ებლიტფო" | ||
| 653 | _aლიტერატუოული ინტერვიუები | ||
| 653 | _aქართული ლიტერატურა | ||
| 710 |
_aსაქართველოს პარლამენტის ეროვნული ბიბლიოთეკა _97897 |
||
| 942 |
_cBK _2udc |
||